|
|
|
|
| LEADER |
00000nab a2200000 ar4500 |
| 001 |
vtls009938454 |
| 003 |
SK-MaSNL |
| 005 |
20260303045045.0 |
| 008 |
090811c2009 xo wr|p|||||||000 b|slo |
| 015 |
|
|
|a SNBRB2009/08
|2 snkbucl
|
| 038 |
|
|
|a SNKBUCL
|
| 040 |
|
|
|a SNKBUCL
|b slo
|c SNKBUCL
|e AACR2
|
| 041 |
0 |
|
|a slo
|
| 044 |
|
|
|a xo
|c SK
|
| 080 |
|
|
|a 629.331.1
|2 2001
|
| 100 |
1 |
|
|a Kríž, Peter
|4 aut
|9 856749
|
| 245 |
1 |
0 |
|a Cestovanie pohodlné aj luxusné
|b Škoda Ictavia LK 2.0 TDI
|c Peter Kríž
|
| 300 |
|
|
|b Fotogr., tab.
|
| 650 |
0 |
7 |
|a Škoda Octavia (osobný automobil)
|2 snkbucl
|9 553994
|
| 650 |
0 |
7 |
|a technické parametre
|2 snkbucl
|9 452097
|
| 650 |
0 |
7 |
|a osobné automobily
|2 snkbucl
|9 26643
|
| 773 |
0 |
|
|t Stop
|g Roč. XXXIX, č. 11-12 (2009), s. 32-33
|x 1335-0730
|
| 852 |
|
|
|a SNK
|b KIS3GCP
|
| 999 |
|
|
|c 1702397
|d 1704327
|